Los fondos mutuos de inversión en Colombia / (Registro nro. 8049)

Detalles MARC
000 -LEADER
fixed length control field 00988nam a2200205Ia 4500
003 - CONTROL NUMBER IDENTIFIER
control field OSt
005 - DATE AND TIME OF LATEST TRANSACTION
control field 20210706154154.0
008 - FIXED-LENGTH DATA ELEMENTS--GENERAL INFORMATION
fixed length control field 210310s1989 ck gr 000 0 spa d
040 ## - CATALOGING SOURCE
Original cataloging agency CO-JMCR
Transcribing agency CO-JMCR
041 0# - LANGUAGE CODE
Language code of text/sound track or separate title spa
082 04 - DEWEY DECIMAL CLASSIFICATION NUMBER
Classification number 344.35 /
Item number B693f
Edition number 23
110 2# - MAIN ENTRY--CORPORATE NAME
Corporate name or jurisdiction name as entry element Bolsa de Bogotá S.A
9 (RLIN) 38392
245 14 - TITLE STATEMENT
Title Los fondos mutuos de inversión en Colombia /
Statement of responsibility, etc. Bolsa de Bogotá S.A
260 ## - PUBLICATION, DISTRIBUTION, ETC.
Place of publication, distribution, etc. Bogotá :
Name of publisher, distributor, etc. Bolsa de Bogotá S.A,
Date of publication, distribution, etc. 1989
300 ## - PHYSICAL DESCRIPTION
Extent 87 páginas ;
Other physical details
Dimensions 24 cm.
505 0# - FORMATTED CONTENTS NOTE
Formatted contents note Antecedentes, organización e importancia -- Importancia social y económica de los fondos mutuos de inversión -- Legislación, doctrinas y circulares -- Desarrollo en Colombia -- Acta de constitución, estatutos y reglamentos -- Acta orgánica de Constitución de un Fondo Mutuo de Inversión -- Modelo de Estatutos para Fondo Mutuo de Inversión -- Modelo de reglamentos
650 14 - SUBJECT ADDED ENTRY--TOPICAL TERM
Topical term or geographic name entry element Los fondos de inversión
9 (RLIN) 16190
Geographic subdivision Colombia
650 24 - SUBJECT ADDED ENTRY--TOPICAL TERM
Topical term or geographic name entry element Fondos mutuos
Geographic subdivision Colombia
9 (RLIN) 38393
942 ## - ADDED ENTRY ELEMENTS (KOHA)
Source of classification or shelving scheme Dewey Decimal Classification
Koha item type Books
Existencias
Withdrawn status Lost status Source of classification or shelving scheme Damaged status Not for loan Collection code Home library Current library Date acquired Source of acquisition Full call number Barcode Date last seen Copy number Koha item type
    Dewey Decimal Classification     Non-fiction Biblioteca Pública José María del Castillo y Rada Biblioteca Pública José María del Castillo y Rada 04/15/2018 Donación 344.35 / B693f 201811662 05/16/2024 Ej.1 Books